000 00593nam a22001217a 4500
008 110708t xxu||||| |||| 00| 0 eng d
010 _aHCMACF-132
245 _aHigh Court Miscellaneous Adoption Cause No.93 of 1972 In the matter of Adoption of Children's Act and in the matter of Juliet jane Nakazibwe.
260 _c1972
500 _aBefore: The Hon. Ag. Chief Justice S.W.W. Wambuzi.
999 _c4652
_d4652